000
00298nam a22001337a 4500
008
170927b xxu||||| |||| 00| 0 eng d
020
_a
9780768919790
041
_a
eng
080
_a
37
100
_a
46
101
_a
EDU
245
_a
GUIDE TO NEWS WRITING
_c
COPPON.R.J
942
_2
udc
_c
BK
999
_c
30117
_d
30117